| 000 | 00421nam a2200181Ia 4500 | ||
|---|---|---|---|
| 001 | 16463 | ||
| 005 | 20260306170311.0 | ||
| 008 | 260306t2015||||xx |||||||||||||| ||und|| | ||
| 041 | _aESP | ||
| 082 |
_a348.6 _bG312 2015 |
||
| 100 |
_aGaceta JurÃdica _eAUT |
||
| 245 | 0 | _aPioner laboral | |
| 260 | _c2015 | ||
| 300 |
_avarias paginaciones : _c26 cm. |
||
| 650 | _aGEN | ||
| 654 | _aCDE | ||
| 942 |
_cREV _dJUS _fJUS _2ddc _n |
||
| 999 |
_c16463 _d16463 |
||